Experiencia,escritura ydeliberación explorando caminos de libertad en la formación didáctica del profesorado/

Shranjeno v:
Bibliografske podrobnosti
Glavni avtor: Contreras Domingo, José
Format: Texto
Oznake: Označite
Brez oznak, prvi označite!

MARC

LEADER 00000 a a2200000 04500
001 45731
003
040
020 |a 978-987-1785-09-4  
090 |a 06.01.01  |b A436s  
100 |a Contreras Domingo, José  
245 |a Experiencia,escritura ydeliberación explorando caminos de libertad en la formación didáctica del profesorado/  |c José Contreras Domingo  
773 |g páginas 21-60  
999 |c 21051  |d 21051